Monthly Glenigan index (Record no. 111894)

MARC details
000 -LEADER
fixed length control field 00933cad a22001935a 4500
001 - CONTROL NUMBER
control field L152150
008 - FIXED-LENGTH DATA ELEMENTS--GENERAL INFORMATION
fixed length control field 110203s2010 xxk f 000 0 eng d
035 ## - SYSTEM CONTROL NUMBER
System control number (Sirsi) u152150
041 0# - LANGUAGE CODE
Language code of text/sound track or separate title eng
110 2# - MAIN ENTRY--CORPORATE NAME
Corporate name or jurisdiction name as entry element Glenigan Group
9 (RLIN) 3641
245 00 - TITLE STATEMENT
Title Monthly Glenigan index
Medium [electronic resource]
260 ## - PUBLICATION, DISTRIBUTION, ETC.
Place of publication, distribution, etc. Bournemouth
Name of publisher, distributor, etc. Glenigan
Date of publication, distribution, etc. 2010
520 ## - SUMMARY, ETC.
Summary, etc. Glenigan Index for each month from January 2010 tracking the flow of construction projects that start on site each month; regional and sector performance and forecast; data on the value of projects that have started on site during the previous month and the influences that will drive future industry workload over the coming 24 months.
590 ## - LOCAL NOTE (RLIN)
Local note KA NTK
651 #4 - SUBJECT ADDED ENTRY--GEOGRAPHIC NAME
Geographic name United Kingdom
Chronological subdivision
690 ## - LOCAL SUBJECT ADDED ENTRY--TOPICAL TERM (OCLC, RLIN)
Topical term or geographic name as entry element BUILT ENVIRONMENT-CONSTRUCTION MARKET
856 40 - ELECTRONIC LOCATION AND ACCESS
Uniform Resource Identifier <a href="https://www.glenigan.com/media/monthly_glenigan_index.aspx">https://www.glenigan.com/media/monthly_glenigan_index.aspx</a>
Public note View this item free of charge at www.glenigan.com
942 ## - ADDED ENTRY ELEMENTS (KOHA)
Suppress in OPAC 0
Holdings
Withdrawn status Lost status Source of classification or shelving scheme Damaged status Not for loan Home library Current library Shelving location Date acquired Total Checkouts Full call number Barcode Date last seen Copy number Price effective from Koha item type
    Dewey Decimal Classification     Virtual Virtual Online 03/02/2011   ONLINE PUBLICATION 152150-2001 06/08/2019 1 06/08/2019 Online material